000 01091njm a22003017a 4500
005 20100914152621.0
007 sd ammalaaahaa
008 100913t xxu||||| |||| 00| 0 hin d
028 _a2392468
_bMusicIndia
035 _aGR-03770
040 _aSED/VEN
100 _aJoshi, Bhimsen
_91184
245 _aBhajan Amrit /
_cby Bhimsen Joshi [and] Vani Jairam
_h[sound recording] :
246 _aभजन अमृत / भीमसेन जोशी द्वारा
260 _aDum Dum India
_bMusicIndia
_c1984
300 _a1 sound disc [Gramophone record] :
_banalog, 33 1/3 rpm
_c12.5 in. (LP)
_fGramophone Record
500 _aBrief Record
500 _aRecord label :MusicIndia,Red
505 _aSide-Mere to giridhar gopal Side 2 Shyam mane chakar rakho ji
600 _aJoshi, Bhimsen
_919992
650 _aHindi Film Song
_xExcerpts
_zIndia
_919603
650 _920739
700 _919604
_aJairam, Vani
700 _919605
700 _920751
942 _2ddc
_cGR
999 _c46968
_d46968